|
|
|
|
| LEADER |
00000nab a2200000 4500 |
| 001 |
vtls011914120 |
| 003 |
SK-MaSNL |
| 005 |
20260318132749.0 |
| 008 |
200129|2020 xo |||| || ||00 0|hun |
| 015 |
|
|
|a SNBRB2020/01
|
| 040 |
|
|
|a DSZK
|b slo
|d DSZK
|e rda
|
| 041 |
|
|
|a hun
|
| 043 |
|
|
|a e-xo---
|
| 044 |
|
|
|a xo
|c SK
|
| 072 |
|
7 |
|a 628
|x Sanitárna technika. Vodárenstvo. Odpadové hospodárstvo. Svetelná technika
|2 konspekt
|
| 080 |
|
|
|a 628.4.038
|2 2011
|
| 100 |
1 |
|
|a Matus, Tibor
|4 aut
|9 1107406
|
| 245 |
1 |
0 |
|a A haszon mindenek felett?
|c Matus Tibor
|
| 300 |
|
|
|b Fotografie
|
| 336 |
|
|
|a text
|b txt
|2 rdacontent
|
| 337 |
|
|
|a bez média
|b n
|2 rdamedia
|
| 338 |
|
|
|a zväzok
|b nc
|2 rdacarrier
|
| 650 |
0 |
7 |
|a priemyselný odpad
|2 SNKPH
|9 29393
|
| 650 |
0 |
7 |
|a zhodnocovanie odpadu
|2 dszk
|9 597189
|
| 651 |
|
7 |
|a Šamorín (Slovensko)
|2 SNKPHgeo
|9 28925
|
| 773 |
0 |
|
|t Magyar7
|g Évf. III, sz. 5 (2020), o. 18-19
|x 2585-9129
|
| 958 |
|
|
|a SK
|
| 958 |
|
|
|a HU
|
| 958 |
|
|
|a RG
|
| 999 |
|
|
|c 2078621
|d 2080551
|